| 000 | 00768nam a22002537a 4500 | ||
|---|---|---|---|
| 001 | 4658 | ||
| 003 | FISKH | ||
| 005 | 20240919094042.0 | ||
| 008 | 240919b cb ||||| |||| 00| 0 eng d | ||
| 020 | _a9780545174152 | ||
| 040 |
_aFISKH _beng _cFISKH _dFISKH |
||
| 050 | _aPZ7.A953 | ||
| 082 | _2813 | ||
| 100 |
_aAvi _d1937 |
||
| 245 |
_aNothing but the truth / _cA documentary novel Avi |
||
| 250 | _aThis edition printing in 2010 | ||
| 260 |
_aNew York : _bScholastic, _c1991. |
||
| 300 |
_a177 pages : _c20cm |
||
| 520 | _aA ninth-grader's suspension for singing "The Star-Spangled Banner" during homeroom becomes a national news story. | ||
| 650 |
_2Newbery Honor _aRealistic fiction |
||
| 650 |
_2Patriotism _aFiction |
||
| 942 |
_2ddc _cBK _n0 |
||
| 999 |
_c4658 _d4658 |
||